[Event "2nd Indonesia Open Chess Ch. 2012"]
[Site "Grand SahidJaya Hotel, Jakarta"]
[Date "2012.10.16"]
[Round "8.26"]
[White "Milliet, Sophie"]
[Black "Kasmiran"]
[Result "0-1"]
[WhiteElo "2421"]
[BlackElo "2310"]
[PlyCount "122"]
[EventDate "2012.10.11"]

1. e4 c5 2. Nf3 Nc6 3. c3 Nf6 4. e5 Nd5 5. d4 cxd4 6. Bc4 Nb6 7. Bb3 d5 8. exd6
e6 9. cxd4 Bxd6 10. Nc3 O-O 11. O-O Be7 12. Qd3 Nd5 13. Bc2 Nf6 14. a3 b6 15.
Re1 Bb7 16. d5 exd5 17. Bg5 g6 18. Rxe7 Qxe7 19. Nxd5 Nxd5 20. Bxe7 Ncxe7 21.
Ng5 Rad8 22. Qh3 Nf6 23. Bb3 Nf5 24. Qc3 Nd4 25. Bd1 Rd7 26. Nf3 Rc8 27. Qb4
Bxf3 28. gxf3 Rc5 29. Qe1 Kg7 30. b4 Rf5 31. Qe3 Nh5 32. Rc1 Nf4 33. h4 g5 34.
Rc4 Nfe6 35. h5 Rf4 36. Rc8 Kh6 37. Qd3 Nxf3+ 38. Qxf3 Rxf3 39. Bxf3 Nd4 40.
Bd1 f5 41. a4 g4 42. a5 bxa5 43. bxa5 Kxh5 44. Rc5 Kg5 45. Kg2 h5 46. Ba4 Rd6
47. Rc7 a6 48. Rg7+ Kf4 49. Rh7 Rd5 50. Rxh5 Rxa5 51. Bd7 Ra1 52. Bc8 a5 53.
Bb7 Rb1 54. Bd5 Rb5 55. Bc4 Rc5 56. Bd3 a4 57. Rh1 Rc3 58. Ba6 a3 59. Rd1 Nc2
60. Bd3 Rxd3 61. Rxd3 Ne1+ 0-1

[Event "2nd Indonesia Open Chess Ch. 2012"]
[Site "Grand SahidJaya Hotel, Jakarta"]
[Date "2012.10.16"]
[Round "8.27"]
[White "Bai, Jinshi"]
[Black "Irwanto, Sadikin"]
[Result "0-1"]
[WhiteElo "2252"]
[BlackElo "2412"]
[PlyCount "71"]
[EventDate "2012.10.11"]

1. d4 Nf6 2. c4 e6 3. Nc3 d5 4. Nf3 c6 5. Bg5 Nbd7 6. e3 Qa5 7. cxd5 exd5 8.
Bd3 Ne4 9. O-O Nxc3 10. bxc3 Bd6 11. c4 dxc4 12. Bxc4 Nb6 13. Bb3 Bg4 14. Bh4
O-O 15. h3 Bh5 16. e4 Rae8 17. Qd3 Bg6 18. Rfe1 Bb4 19. Re2 Nd5 20. Bxd5 cxd5
21. Nd2 dxe4 22. Nxe4 Qd5 23. f3 f5 24. Ng3 Bc5 25. Rd1 Bb6 26. Kh1 Rxe2 27.
Nxe2 Qxa2 28. Nf4 Bc7 29. Nxg6 hxg6 30. d5 Bd6 31. Qe3 Qa4 32. Qe6+ Kh7 33. Rf1
Qf4 34. g3 Qb4 35. Re1 Rc8 36. Qe2 0-1

[Event "2nd Indonesia Open Chess Ch. 2012"]
[Site "Grand SahidJaya Hotel, Jakarta"]
[Date "2012.10.16"]
[Round "8.28"]
[White "Juswanto, Denny"]
[Black "Sihite, Chelsie Monica"]
[Result "1-0"]
[WhiteElo "2412"]
[BlackElo "2254"]
[PlyCount "82"]
[EventDate "2012.10.11"]

1. b4 e6 2. Bb2 Nf6 3. a3 c5 4. bxc5 Bxc5 5. e3 Be7 6. Nf3 b6 7. d4 Bb7 8. Bd3
d5 9. O-O Nc6 10. Nbd2 O-O 11. Qe2 a6 12. c4 Na5 13. cxd5 exd5 14. Bc3 b5 15.
a4 b4 16. Bb2 Ne4 17. Rfc1 f5 18. Bxe4 fxe4 19. Ne5 Bd6 20. Rc5 Bxc5 21. dxc5
Qe7 22. Qg4 Bc8 23. Qg3 Be6 24. Bd4 Rfc8 25. Rc1 Rab8 26. h4 b3 27. h5 Rb4 28.
h6 Rxd4 29. exd4 Qf6 30. Qc3 b2 31. Qxb2 Qxh6 32. Nf1 Nc6 33. Nxc6 Rxc6 34. Ne3
Qf6 35. Qb7 Bc8 36. Qa8 Qe6 37. Rb1 Kf7 38. a5 Bd7 39. Rb7 Ke7 40. Qb8 h5 41.
Qf4 g6 1-0

[Event "2nd Indonesia Open Chess Ch. 2012"]
[Site "Grand SahidJaya Hotel, Jakarta"]
[Date "2012.10.16"]
[Round "8.29"]
[White "Tania, Sachdev"]
[Black "Azarya, Jodi Setyaki"]
[Result "1-0"]
[WhiteElo "2401"]
[BlackElo "2005"]
[PlyCount "74"]
[EventDate "2012.10.11"]

1. d4 Nf6 2. c4 g6 3. Nc3 Bg7 4. e4 d6 5. f3 O-O 6. Nge2 e5 7. Be3 c6 8. Qd2
Nbd7 9. g4 h5 10. h3 a6 11. Bh6 b5 12. Ng3 exd4 13. Bxg7 Kxg7 14. Qxd4 Ne5 15.
O-O-O b4 16. Nb1 h4 17. f4 c5 18. Qe3 Ned7 19. e5 dxe5 20. fxe5 hxg3 21. exf6+
Qxf6 22. Bg2 Ra7 23. Qxg3 Qg5+ 24. Nd2 Nf6 25. Kb1 Bf5+ 26. Ka1 Bc2 27. Nf3 Ne4
28. Qh2 Qf6 29. Rc1 b3 30. Ne1 Nd6 31. Rf1 Qd4 32. Nf3 Qd3 33. Qe5+ f6 34. Qxc5
Rd7 35. Nd4 Rc8 36. Qb6 Nxc4 37. Qxf6+ Kg8 1-0

[Event "2nd Indonesia Open Chess Ch. 2012"]
[Site "Grand SahidJaya Hotel, Jakarta"]
[Date "2012.10.16"]
[Round "8.30"]
[White "Novita, Anjas"]
[Black "Tunasly, Kifly"]
[Result "1/2-1/2"]
[WhiteElo "2339"]
[BlackElo "2376"]
[PlyCount "135"]
[EventDate "2012.10.11"]

1. e4 e5 2. Nf3 Nc6 3. Bb5 a6 4. Ba4 Nf6 5. O-O b5 6. Bb3 Be7 7. Re1 O-O 8. h3
d6 9. c3 Na5 10. Bc2 c5 11. d3 Nc6 12. Nbd2 g6 13. Nf1 Nh5 14. a4 Rb8 15. axb5
axb5 16. d4 cxd4 17. cxd4 Nxd4 18. Nxd4 exd4 19. Qxd4 Bf6 20. Qd1 Be5 21. Ra3
Be6 22. Rf3 Qa5 23. Bb3 Rfe8 24. Bd2 Qa7 25. Ne3 Nf6 26. Bc3 Bxc3 27. bxc3 Nxe4
28. Nd5 f5 29. Nf6+ Nxf6 30. Rxe6 Rxe6 31. Bxe6+ Kg7 32. Qxd6 Rb6 33. Qe5 Qb8
34. Qxb8 Rxb8 35. g4 fxg4 36. hxg4 Re8 37. Re3 h5 38. gxh5 gxh5 39. Kg2 Rb8 40.
Bb3 Ng4 41. Re7+ Kf6 42. Re6+ Kf5 43. Rc6 Ne5 44. Bc2+ Kg5 45. Rc5 Kf4 46. Rd5
Rg8+ 47. Kf1 Nf3 48. Rxh5 Rc8 49. Rf5+ Kg4 50. Rxb5 Rxc3 51. Bd1 Rc1 52. Rb4+
Kf5 53. Ke2 Ne5 54. Kd2 Rc4 55. Rb8 Rd4+ 56. Ke2 Re4+ 57. Kf1 Rc4 58. Kg2 Ng6
59. Kg3 Rc3+ 60. f3 Ne5 61. Rb5 Ke6 62. Rb6+ Kf5 63. Ra6 Kg5 64. Ra8 Kf5 65.
Rf8+ Kg5 66. Be2 Kg6 67. Rg8+ Kf5 68. Ba6 1/2-1/2

[Event "2nd Indonesia Open Chess Ch. 2012"]
[Site "Grand SahidJaya Hotel, Jakarta"]
[Date "2012.10.16"]
[Round "8.31"]
[White "Eshbaev, Avazbek"]
[Black "Sitanggang, Salor"]
[Result "0-1"]
[WhiteElo "2156"]
[BlackElo "2367"]
[PlyCount "100"]
[EventDate "2012.10.11"]

1. c4 Nf6 2. Nc3 g6 3. e4 d6 4. g3 c5 5. Bg2 Nc6 6. Nge2 Bg7 7. O-O O-O 8. d3
Nd4 9. h3 e5 10. f4 exf4 11. Nxf4 Be6 12. Be3 Nd7 13. Qd2 a6 14. Ncd5 Rb8 15.
Nxe6 fxe6 16. Bg5 Qe8 17. Rxf8+ Bxf8 18. Nf6+ Nxf6 19. Bxf6 Bg7 20. Bxg7 Kxg7
21. e5 Qe7 22. Rf1 dxe5 23. Qe3 Qd6 24. Qg5 Nf5 25. g4 h6 26. Qd2 Qd4+ 27. Rf2
Nd6 28. Kh1 b6 29. Qe2 Rd8 30. Qf3 Qf4 31. Qxf4 exf4 32. Rxf4 Nf7 33. Bf1 Ne5
34. Re4 Kf6 35. Re3 b5 36. cxb5 axb5 37. a3 Rd4 38. Kg2 b4 39. Re4 bxa3 40.
bxa3 Rd7 41. a4 g5 42. a5 Nxd3 43. Bxd3 Rxd3 44. Rc4 Rd2+ 45. Kf3 Rd3+ 46. Kg2
Rd2+ 47. Kf3 Rd3+ 48. Ke4 Rxh3 49. Rxc5 Rg3 50. a6 Rxg4+ 0-1

[Event "2nd Indonesia Open Chess Ch. 2012"]
[Site "Grand SahidJaya Hotel, Jakarta"]
[Date "2012.10.16"]
[Round "8.32"]
[White "Halay, Taufik"]
[Black "Marentek, Hanny"]
[Result "1/2-1/2"]
[WhiteElo "2366"]
[BlackElo "2232"]
[PlyCount "70"]
[EventDate "2012.10.11"]

1. d4 d5 2. c4 e6 3. Nc3 Nf6 4. Nf3 Be7 5. Bg5 O-O 6. e3 Nbd7 7. Bd3 dxc4 8.
Bxc4 c5 9. O-O a6 10. a4 cxd4 11. Qxd4 Nb6 12. Bb3 Qxd4 13. Nxd4 Bd7 14. a5 Nc8
15. e4 h6 16. Bf4 Na7 17. e5 Nh7 18. Rfd1 Rfd8 19. Be3 Nc6 20. Na4 Nxd4 21.
Bxd4 Bc6 22. Nb6 Rab8 23. Nc4 Bd5 24. Rd3 Bxc4 25. Bxc4 Nf8 26. Rad1 Rbc8 27.
b3 Bb4 28. Bb6 Rxd3 29. Bxd3 Nd7 30. Be4 Nxb6 31. axb6 a5 32. Bxb7 Rb8 33. Rd7
Bc5 34. g3 Bxb6 35. Kg2 Rd8 1/2-1/2

[Event "2nd Indonesia Open Chess Ch. 2012"]
[Site "Grand SahidJaya Hotel, Jakarta"]
[Date "2012.10.16"]
[Round "8.33"]
[White "Sutarno"]
[Black "Gordon, Stephen J"]
[Result "0-1"]
[WhiteElo "2252"]
[BlackElo "2556"]
[PlyCount "98"]
[EventDate "2012.10.11"]

1. d4 Nf6 2. Nf3 g6 3. Bf4 Bg7 4. h3 c5 5. e3 cxd4 6. exd4 Qb6 7. Bc1 O-O 8.
Be2 Nc6 9. O-O d5 10. c3 Bf5 11. Bd3 Be4 12. Re1 Rad8 13. Na3 Rfe8 14. Nc2 Bxf3
15. Qxf3 e5 16. dxe5 Nxe5 17. Qd1 Ne4 18. Re2 Nc5 19. Ne1 d4 20. c4 Nexd3 21.
Nxd3 Nxd3 22. Rxe8+ Rxe8 23. Qxd3 Re1+ 24. Kh2 Qc7+ 25. g3 Qc6 26. f3 Qe6 27.
Rb1 Qe2+ 28. Qxe2 Rxe2+ 29. Kg1 Re1+ 30. Kf2 Rh1 31. Ke2 Bh6 32. f4 g5 33. fxg5
Bxg5 34. Bxg5 Rxb1 35. b3 Kg7 36. Kd3 Rd1+ 37. Ke4 d3 38. Bf4 f5+ 39. Kd4 d2
40. Kd3 Rh1 41. Kxd2 Rxh3 42. Kc3 Kf6 43. Kb4 Ke6 44. Kb5 h5 45. Bb8 Kd7 46. b4
Kc8 47. Be5 h4 48. gxh4 Rxh4 49. a4 f4 0-1

[Event "2nd Indonesia Open Chess Ch. 2012"]
[Site "Grand SahidJaya Hotel, Jakarta"]
[Date "2012.10.16"]
[Round "8.34"]
[White "Tirto"]
[Black "Aris, T.L.S."]
[Result "1/2-1/2"]
[WhiteElo "2322"]
[BlackElo "2238"]
[PlyCount "98"]
[EventDate "2012.10.11"]

1. d4 Nf6 2. c4 e6 3. g3 Bb4+ 4. Bd2 Be7 5. Nf3 d5 6. Bg2 c6 7. O-O Nbd7 8. Qc2
O-O 9. Rd1 Re8 10. Bf4 dxc4 11. Qxc4 Nd5 12. Nc3 Nxf4 13. gxf4 Nb6 14. Qb3 Nd5
15. e3 b6 16. Rac1 Bb7 17. Ne4 Rc8 18. Rd2 Rc7 19. Ne5 a5 20. a3 Qa8 21. Nc3
Rec8 22. Rdc2 Nxc3 23. Rxc3 c5 24. Bxb7 Qxb7 25. dxc5 bxc5 26. Qxb7 Rxb7 27.
R1c2 g6 28. Rd3 Rcc7 29. Nc4 a4 30. Kg2 Kg7 31. Kf3 f5 32. Ke2 h6 33. Rd1 g5
34. Rg1 Kf8 35. h4 g4 36. h5 Bf6 37. f3 Rg7 38. fxg4 fxg4 39. Rd2 Ke7 40. Rgd1
Rg8 41. Kf2 Rgb8 42. Rb1 Rb3 43. Rc2 R8b5 44. Kg3 Bd4 45. Kxg4 Bxe3 46. f5 e5
47. Nxe5 Kd6 48. Re2 Rb8 49. Ng6 Rxb2 1/2-1/2

[Event "2nd Indonesia Open Chess Ch. 2012"]
[Site "Grand SahidJaya Hotel, Jakarta"]
[Date "2012.10.16"]
[Round "8.35"]
[White "Medina, Warda Aulia"]
[Black "Muhammad, Luthfi Ali"]
[Result "1-0"]
[WhiteElo "2311"]
[BlackElo "2218"]
[PlyCount "81"]
[EventDate "2012.10.11"]

1. e4 g6 2. d4 Bg7 3. Nc3 d6 4. h3 c6 5. a4 a5 6. Nf3 Na6 7. Be2 Nb4 8. O-O Nf6
9. Re1 O-O 10. Bf1 e5 11. Be3 Nd7 12. Qd2 Qe7 13. Rad1 Re8 14. d5 Bf8 15. Bc4
c5 16. Nb5 Nb6 17. Bf1 f5 18. c3 Na6 19. exf5 Bxf5 20. Ng5 h6 21. Ne6 Bxe6 22.
dxe6 Qxe6 23. Bxh6 d5 24. Bxf8 Rxf8 25. c4 d4 26. Bd3 Kg7 27. f4 Nxc4 28. Bxc4
Qxc4 29. Rxe5 Rad8 30. f5 Rd7 31. fxg6 Rf6 32. h4 d3 33. h5 Qf4 34. Qe1 Kh6 35.
Re8 Kxh5 36. g7 Rxg7 37. Rxd3 Kg6 38. Rf3 Qb4 39. Rxf6+ Kxf6 40. Qe5+ Kg6 41.
Re6+ 1-0

[Event "2nd Indonesia Open Chess Ch. 2012"]
[Site "Grand SahidJaya Hotel, Jakarta"]
[Date "2012.10.16"]
[Round "8.36"]
[White "Suradiradja, Herman"]
[Black "Khairul, Anam"]
[Result "0-1"]
[WhiteElo "2238"]
[BlackElo "2308"]
[PlyCount "65"]
[EventDate "2012.10.11"]

1. e4 g6 2. d4 Bg7 3. Nf3 c6 4. Nc3 d5 5. exd5 cxd5 6. Bb5+ Bd7 7. O-O Bxb5 8.
Nxb5 a6 9. Nc3 Nc6 10. Re1 Nf6 11. Bg5 h6 12. Bf4 Nh5 13. Be3 O-O 14. Qd2 Kh7
15. Rad1 e6 16. Bf4 Nxf4 17. Qxf4 Rc8 18. Ne2 Na5 19. c3 Nc4 20. Rb1 a5 21. Nc1
Qf6 22. Qxf6 Bxf6 23. Nd3 Rc7 24. Re2 Rfc8 25. g4 Nd6 26. Nd2 Be7 27. Rc1 Nb5
28. Rce1 a4 29. a3 Bxa3 30. bxa3 Rxc3 31. Ne5 Nxd4 32. Re3 Nc2 33. Rf1 0-1

[Event "2nd Indonesia Open Chess Ch. 2012"]
[Site "Grand SahidJaya Hotel, Jakarta"]
[Date "2012.10.16"]
[Round "8.38"]
[White "Sinurat, Tumpak"]
[Black "Purba, Cornelis"]
[Result "1-0"]
[WhiteElo "2258"]
[BlackElo "2203"]
[PlyCount "119"]
[EventDate "2012.10.11"]

1. e4 c5 2. Nf3 e6 3. d4 cxd4 4. Nxd4 a6 5. Nc3 Qc7 6. g3 b5 7. Bg2 Bb7 8. O-O
Nf6 9. Re1 h5 10. h3 d6 11. Bg5 Nbd7 12. a4 b4 13. Na2 Qc5 14. Be3 Qc7 15. Bd2
Nc5 16. Bxb4 Ncxe4 17. Nc3 d5 18. Nxe4 Bxb4 19. Nxf6+ gxf6 20. c3 Be7 21. Qd2
f5 22. h4 O-O-O 23. Nf3 Rhg8 24. Kh1 f4 25. Qxf4 Qxf4 26. gxf4 d4 27. Ng5 Bxg2+
28. Kxg2 dxc3 29. bxc3 Rd2 30. Kf3 Rg7 31. Re2 Rd5 32. Rb1 Rc5 33. Rb3 Rf5 34.
Rb6 Kc7 35. Reb2 Bd6 36. Nxe6+ fxe6 37. Rb7+ Kc6 38. Rxg7 Rxf4+ 39. Kg2 Rxa4
40. Re2 e5 41. Rd2 Bc7 42. Rg6+ Kc5 43. Rd7 Ba5 44. Rxa6 Rg4+ 45. Kh3 Bxc3 46.
Rh7 Rf4 47. Ra2 Bd4 48. Rxh5 Kd5 49. Kg3 Rf8 50. Re2 Ke6 51. f3 Kf6 52. Kg4
Rg8+ 53. Rg5 Rc8 54. h5 Rc1 55. Rg6+ Kf7 56. Rg2 Rc3 57. Rb2 Rc7 58. Rb8 Re7
59. Rd8 Bb2 60. Rdg8 1-0

[Event "2nd Indonesia Open Chess Ch. 2012"]
[Site "Grand SahidJaya Hotel, Jakarta"]
[Date "2012.10.16"]
[Round "8.39"]
[White "Supriyono, Eko"]
[Black "Panggabean, Hasian"]
[Result "1-0"]
[WhiteElo "2253"]
[BlackElo "2204"]
[PlyCount "87"]
[EventDate "2012.10.11"]

1. d4 d5 2. Nf3 Nf6 3. Bf4 Bg4 4. e3 e6 5. Nbd2 Bd6 6. Bg3 Bxg3 7. hxg3 Nbd7 8.
c3 c6 9. Bd3 Qe7 10. Qb3 Rb8 11. c4 O-O 12. Ne5 Bf5 13. Bxf5 exf5 14. Nxd7 Qxd7
15. Rc1 Rfe8 16. Nf3 dxc4 17. Rxc4 Rbd8 18. a4 Ng4 19. Rc5 g6 20. O-O Re6 21.
Rfc1 Rd6 22. Qc2 Rd5 23. Rc4 Qe7 24. b4 a6 25. Qb3 Kg7 26. Rc5 Qe6 27. Qb2 h6
28. Kf1 Kh7 29. b5 Rxc5 30. Rxc5 cxb5 31. axb5 axb5 32. Rxb5 Qa6 33. Ke1 Rd7
34. Rc5 Qd3 35. Rc8 Qa6 36. Nd2 b5 37. Rf8 Kg7 38. Rb8 Rb7 39. d5+ f6 40. Qc3
Qb6 41. Rxb7+ Qxb7 42. Qc6 Qb8 43. d6 Kf8 44. Qc7 1-0

[Event "2nd Indonesia Open Chess Ch. 2012"]
[Site "Grand SahidJaya Hotel, Jakarta"]
[Date "2012.10.16"]
[Round "8.40"]
[White "Pitra, Andika"]
[Black "Suyud, Hartoyo"]
[Result "0-1"]
[WhiteElo "2340"]
[BlackElo "2178"]
[PlyCount "104"]
[EventDate "2012.10.11"]

1. e4 c6 2. d3 d5 3. Nd2 e5 4. Ngf3 Bd6 5. g3 Nf6 6. Bg2 O-O 7. O-O Re8 8. Re1
Bg4 9. h3 Bh5 10. g4 Bg6 11. Nh4 dxe4 12. dxe4 Bc5 13. Nf5 h5 14. Qe2 hxg4 15.
hxg4 Nbd7 16. Nb3 Qc7 17. Bg5 Nh7 18. Bh4 Bf8 19. Rad1 f6 20. Qd2 Red8 21. Qa5
b6 22. Qc3 a5 23. a3 Bf7 24. Bf1 a4 25. Nd2 Nc5 26. Bc4 g6 27. Bxf7+ Qxf7 28.
Ne3 b5 29. f3 Ne6 30. Ndf1 Nd4 31. Kf2 Bh6 32. Rd3 Bg5 33. Bg3 Nf8 34. Red1 Qh7
35. Kg2 Nfe6 36. Qe1 Bf4 37. c3 Bxg3 38. Kxg3 Ng5 39. cxd4 Qh3+ 40. Kf2 Qxf3+
41. Kg1 Nh3+ 42. Kh2 Nf2 43. Kg1 Nxd3 44. Rxd3 Rxd4 45. Nd2 Qh3 46. Rxd4 exd4
47. Ng2 Qxg4 48. Qf2 c5 49. Nf1 Kg7 50. Ng3 Rh8 51. Nf4 Rh4 52. Nd5 Qg5 0-1

[Event "2nd Indonesia Open Chess Ch. 2012"]
[Site "Grand SahidJaya Hotel, Jakarta"]
[Date "2012.10.16"]
[Round "8.41"]
[White "Pamungkas, Junaid"]
[Black "Jafar, Sofyan"]
[Result "0-1"]
[WhiteElo "2221"]
[BlackElo "2286"]
[PlyCount "62"]
[EventDate "2012.10.11"]

1. e4 e5 2. Nf3 Nc6 3. Bc4 Bc5 4. O-O d6 5. h3 Nf6 6. Re1 a6 7. c3 Ba7 8. d4
O-O 9. Bg5 h6 10. Bh4 g5 11. Bg3 Qe7 12. Qd3 Nh5 13. Bh2 Qf6 14. Nbd2 Nf4 15.
Bxf4 gxf4 16. Bd5 Ne7 17. b4 Kh8 18. Bb3 Rg8 19. Kh1 Ng6 20. Rad1 b5 21. a4 Bb6
22. axb5 axb5 23. Qxb5 Ba6 24. Qd5 Raf8 25. c4 Ne7 26. dxe5 Qg7 27. Nh4 Nxd5
28. c5 Nc3 29. Rc1 dxc5 30. Rxc3 cxb4 31. Rf3 Qg5 0-1

[Event "2nd Indonesia Open Chess Ch. 2012"]
[Site "Grand SahidJaya Hotel, Jakarta"]
[Date "2012.10.16"]
[Round "8.42"]
[White "Gunawan, Johan"]
[Black "Bersamina, Paulo"]
[Result "1/2-1/2"]
[WhiteElo "2276"]
[BlackElo "2205"]
[PlyCount "86"]
[EventDate "2012.10.11"]

1. d4 Nf6 2. Nf3 g6 3. Bf4 Bg7 4. e3 d6 5. h3 O-O 6. Be2 Nbd7 7. O-O b6 8. c4
Bb7 9. Nc3 Re8 10. Bh2 Ne4 11. Nxe4 Bxe4 12. Rc1 e5 13. Qa4 exd4 14. exd4 c5
15. dxc5 Nxc5 16. Qa3 d5 17. cxd5 Qxd5 18. Bb5 Rec8 19. Rfd1 Nd3 20. Rxc8+ Rxc8
21. Qa6 Rc5 22. Bxd3 Qxd3 23. Qxd3 Bxd3 24. Ne1 Ba6 25. Rd8+ Bf8 26. Bb8 Rc4
27. Kh2 Rc8 28. Rxc8 Bxc8 29. Bxa7 Bd6+ 30. Kg1 Bc7 31. Nd3 Kf8 32. a4 Ba6 33.
Nb4 Bb7 34. Nc2 Bc6 35. b3 Ke7 36. Ne3 Kd7 37. Nc4 Bd5 38. Nxb6+ Bxb6 39. Bxb6
Bxb3 40. a5 Bc4 41. g4 Ke6 42. Kg2 f5 43. Kg3 Ke5 1/2-1/2

[Event "2nd Indonesia Open Chess Ch. 2012"]
[Site "Grand SahidJaya Hotel, Jakarta"]
[Date "2012.10.16"]
[Round "8.43"]
[White "Hartono"]
[Black "Jamaludin"]
[Result "1-0"]
[WhiteElo "2230"]
[BlackElo "2174"]
[PlyCount "100"]
[EventDate "2012.10.11"]

1. e4 c5 2. Nc3 e6 3. g3 d5 4. exd5 exd5 5. Bg2 d4 6. Qe2+ Be7 7. Nd5 Nc6 8. d3
Be6 9. Nxe7 Ngxe7 10. Nh3 Bxh3 11. Bxh3 Qd5 12. O-O O-O 13. Bg2 Qd7 14. a3 Rae8
15. Qh5 b6 16. Bd2 Ng6 17. Rae1 Nd8 18. f4 Rxe1 19. Bxe1 Ne7 20. f5 f6 21. Bh3
Nd5 22. Bd2 Re8 23. Bg2 Nf7 24. Be4 Ne7 25. Bf4 Nc6 26. g4 Nce5 27. Qh3 h6 28.
Qg2 Qe7 29. Bd5 Kh8 30. h4 Rf8 31. Kh1 b5 32. b3 a6 33. Re1 Qd7 34. Be6 Qc6 35.
Qxc6 Nxc6 36. Bxf7 Rxf7 37. Re6 Ne7 38. Bd6 Nd5 39. Bxc5 Rc7 40. b4 a5 41. Re4
Ne3 42. c3 Nd1 43. Re8+ Kh7 44. Bxd4 axb4 45. axb4 Nf2+ 46. Kg2 Nxd3 47. Rb8
Ne1+ 48. Kg3 Rd7 49. Kf4 Nc2 50. Ke4 Na3 1-0

[Event "2nd Indonesia Open Chess Ch. 2012"]
[Site "Grand SahidJaya Hotel, Jakarta"]
[Date "2012.10.16"]
[Round "8.45"]
[White "Ali, Sadikin"]
[Black "Prayitno, Sugeng"]
[Result "0-1"]
[WhiteElo "2167"]
[BlackElo "2351"]
[PlyCount "54"]
[EventDate "2012.10.11"]

1. Nf3 d6 2. g3 g6 3. Bg2 Bg7 4. O-O e5 5. d3 f5 6. e4 Nf6 7. exf5 gxf5 8. Bg5
Nc6 9. Nc3 Ne7 10. Nh4 O-O 11. Qd2 c6 12. Rae1 Ng6 13. Nf3 Kh8 14. h4 Qc7 15.
b4 a6 16. a4 Bd7 17. Nh2 d5 18. Ne2 b5 19. a5 Rf7 20. Bf3 Rg8 21. Rc1 f4 22. h5
Ne7 23. Kh1 Nf5 24. gxf4 e4 25. Bxf6 exf3 26. Bxg7+ Rfxg7 27. Ng3 Rxg3 0-1

[Event "2nd Indonesia Open Chess Ch. 2012"]
[Site "Grand SahidJaya Hotel, Jakarta"]
[Date "2012.10.16"]
[Round "8.46"]
[White "Laksana, Agusta"]
[Black "Sonjaya, Deni"]
[Result "1/2-1/2"]
[WhiteElo "2305"]
[BlackElo "2284"]
[PlyCount "61"]
[EventDate "2012.10.11"]

1. d4 Nf6 2. Nf3 g6 3. g3 Bg7 4. Bg2 O-O 5. O-O d6 6. c4 Nc6 7. Nc3 a6 8. Bg5
h6 9. Bxf6 Bxf6 10. e3 Bg7 11. Rc1 Bg4 12. h3 Bxf3 13. Qxf3 Rb8 14. Qe2 e5 15.
d5 Ne7 16. e4 c5 17. b3 Qd7 18. a4 a5 19. Nb5 b6 20. Rcd1 Nc8 21. Kh2 Na7 22.
Nxa7 Qxa7 23. Qd2 Qe7 24. Rde1 Rbd8 25. Rd1 Qg5 26. Qxg5 hxg5 27. g4 f5 28. f3
fxe4 29. fxe4 Rf4 30. Rxf4 exf4 31. Bf3 1/2-1/2

[Event "2nd Indonesia Open Chess Ch. 2012"]
[Site "Grand SahidJaya Hotel, Jakarta"]
[Date "2012.10.16"]
[Round "8.47"]
[White "Surya, Wahyudi"]
[Black "Fahmi, Jauhari"]
[Result "1-0"]
[WhiteElo "2293"]
[BlackElo "2184"]
[PlyCount "103"]
[EventDate "2012.10.11"]

1. d4 Nf6 2. Nf3 g6 3. c4 Bg7 4. Nc3 O-O 5. Bf4 d6 6. e3 b6 7. Be2 Bb7 8. h3
Nbd7 9. O-O Re8 10. Qc2 e5 11. Bh2 exd4 12. exd4 Ne4 13. Rfe1 Nxc3 14. Qxc3 Nc5
15. Rad1 Ne4 16. Qc1 Qf6 17. Bf4 Re7 18. Bd3 Rae8 19. Re2 Qe6 20. Rde1 Qd7 21.
d5 Nf6 22. Be3 c6 23. dxc6 Bxc6 24. Nd4 Ba8 25. Bg5 Rxe2 26. Rxe2 Rxe2 27. Bxe2
Ne4 28. Be3 Qa4 29. a3 Nc5 30. Nb5 Qb3 31. Bd4 Bxd4 32. Nxd4 Qa2 33. Nb5 Nb3
34. Qe3 Bc6 35. Nxa7 Bd7 36. Qxb6 Qxb2 37. Bd1 Ba4 38. Qxd6 Qc1 39. Kh2 Qxc4
40. Bxb3 Qxb3 41. Nc8 Qc2 42. Ne7+ Kg7 43. Qd4+ Kf8 44. Nd5 Ke8 45. Qe5+ Kd8
46. Qe7+ Kc8 47. Nb6+ Kb8 48. Qb4 Bc6 49. Nc4+ Kc8 50. Qf8+ Kb7 51. Qxf7+ Ka6
52. Ne3 1-0

[Event "2nd Indonesia Open Chess Ch. 2012"]
[Site "Grand SahidJaya Hotel, Jakarta"]
[Date "2012.10.16"]
[Round "8.48"]
[White "Mahmud, Syarif"]
[Black "Sean, Winshand Cuhendi"]
[Result "0-1"]
[WhiteElo "2291"]
[BlackElo "2181"]
[PlyCount "48"]
[EventDate "2012.10.11"]

1. d4 d5 2. Nf3 Nc6 3. Bf4 Bg4 4. e3 e6 5. c4 Bb4+ 6. Nc3 Nf6 7. h3 Bxf3 8.
Qxf3 Ne4 9. Rc1 Qe7 10. Bd3 Bxc3+ 11. bxc3 Qa3 12. Qd1 Nxc3 13. Qd2 Nxa2 14.
Rb1 Ncb4 15. Be2 Nc3 16. O-O Nxb1 17. Rxb1 a5 18. Bxc7 O-O 19. c5 Qa4 20. Bd1
Qc6 21. Bxa5 Rxa5 22. Rxb4 Rfa8 23. Bb3 Rb5 24. f4 b6 0-1

[Event "2nd Indonesia Open Chess Ch. 2012"]
[Site "Grand SahidJaya Hotel, Jakarta"]
[Date "2012.10.16"]
[Round "8.49"]
[White "Dewi, Aa Citra"]
[Black "Aay, Aisyah Anisa"]
[Result "1-0"]
[WhiteElo "2161"]
[BlackElo "1839"]
[PlyCount "63"]
[EventDate "2012.10.11"]

1. e4 c5 2. Nf3 d6 3. d4 cxd4 4. Nxd4 Nf6 5. f3 g6 6. Nc3 Bg7 7. Be3 O-O 8. Qd2
Nc6 9. O-O-O Bd7 10. g4 Qa5 11. h4 h5 12. Nb3 Qd8 13. Nd5 Nxe4 14. fxe4 Bxg4
15. Be2 Bxe2 16. Qxe2 a5 17. Nd4 Rc8 18. Nxc6 Rxc6 19. Bg5 f6 20. Be3 Qd7 21.
Rhg1 e6 22. Nf4 Rfc8 23. Rd2 Qf7 24. Nxh5 Bh8 25. Nf4 e5 26. Nd5 Kh7 27. h5 g5
28. Qg4 Rg8 29. Rf2 Kh6 30. Bxg5+ Rxg5 31. Qxg5+ fxg5 32. Rxf7 1-0

[Event "2nd Indonesia Open Chess Ch. 2012"]
[Site "Grand Sahid Jaya Hotel, Jakart"]
[Date "2012.10.17"]
[Round "9.1"]
[White "Sokolov, Ivan"]
[Black "Yu, Yangyi"]
[Result "1/2-1/2"]
[WhiteElo "2690"]
[BlackElo "2651"]
[PlyCount "140"]
[EventDate "2012.10.11"]

1. d4 d5 2. c4 c6 3. Nf3 Nf6 4. cxd5 cxd5 5. Nc3 Nc6 6. Bf4 Bf5 7. Qb3 Na5 8.
Qa4+ Bd7 9. Qc2 e6 10. e3 Rc8 11. Bd3 Bb4 12. O-O Nc4 13. Rfc1 O-O 14. Ne5 Bxc3
15. bxc3 Bb5 16. Qb3 Qb6 17. a4 Nxe5 18. a5 Qd8 19. Bxb5 Ng6 20. Bg3 Ne4 21.
Bd3 Nxg3 22. hxg3 Rc7 23. c4 dxc4 24. Rxc4 Rxc4 25. Qxc4 Qd6 26. Rb1 Qa3 27.
Rxb7 Qxa5 28. Qa6 Qxa6 29. Bxa6 Ra8 30. g4 h6 31. f4 Kf8 32. Kf2 Ne7 33. Kf3 g6
34. g3 Nd5 35. Ke2 Kg8 36. f5 gxf5 37. gxf5 Rc8 38. fxe6 fxe6 39. Bd3 Nf6 40.
e4 Rd8 41. e5 Nh5 42. Ke3 Nxg3 43. Rxa7 h5 44. Bh7+ Kf8 45. Bg6 Nf1+ 46. Kd3
Ng3 47. Rf7+ Kg8 48. Rf3 Ra8 49. Kc4 Rc8+ 50. Kb4 Ne2 51. Bf7+ Kh8 52. d5 exd5
53. Bxd5 Nd4 54. Rh3 Kg7 55. Rg3+ Kh6 56. e6 Re8 57. Rc3 Kg5 58. Rc5 Kf4 59.
Bc4 h4 60. Kc3 Nxe6 61. Rh5 Kg3 62. Re5 Nc7 63. Rxe8 Nxe8 64. Be6 Ng7 65. Bc8
Nh5 66. Kd3 Kf3 67. Bb7+ Kf2 68. Bc8 h3 69. Bxh3 Nf4+ 70. Kd4 Nxh3 1/2-1/2

[Event "2nd Indonesia Open Chess Ch. 2012"]
[Site "Grand Sahid Jaya Hotel, Jakart"]
[Date "2012.10.17"]
[Round "9.2"]
[White "Li, Chao B"]
[Black "Nguyen, Ngoc Truong Son"]
[Result "1-0"]
[WhiteElo "2681"]
[BlackElo "2635"]
[PlyCount "177"]
[EventDate "2012.10.11"]

1. d4 d5 2. c4 c6 3. Nf3 Nf6 4. Nc3 dxc4 5. a4 Bf5 6. Ne5 Nbd7 7. Nxc4 Nb6 8.
Ne5 a5 9. e3 h6 10. Bd3 Bxd3 11. Nxd3 e6 12. O-O Be7 13. Qb3 Nfd5 14. Na2 O-O
15. Bd2 Nf6 16. Nc3 Rb8 17. Ne2 Nbd7 18. Rfd1 Bd6 19. h3 Re8 20. Rac1 e5 21.
dxe5 Nxe5 22. Ndf4 Ne4 23. Be1 Qg5 24. Kf1 Ng6 25. Nxg6 Qxg6 26. Qb6 Qf6 27.
Qd4 Bc7 28. Qxf6 Nxf6 29. Nd4 Re4 30. Rd3 Bb6 31. f3 Ree8 32. e4 Rbd8 33. Rcd1
Bc7 34. g4 Nh7 35. h4 Nf8 36. h5 Be5 37. Bc3 Rd7 38. Ke2 Bxd4 39. Rxd4 Rxd4 40.
Bxd4 Ra8 41. Be3 f6 42. f4 Kf7 43. Kf3 Ke8 44. Bc5 Ne6 45. Bb6 Ra6 46. Be3 Ra8
47. b3 Nf8 48. Bc5 Ne6 49. Bf2 Nf8 50. e5 fxe5 51. fxe5 Rd8 52. Rxd8+ Kxd8 53.
Ke4 Ke8 54. Kf5 Kf7 55. Bc5 Ne6 56. Bb6 Nf8 57. Bxa5 Ne6 58. Bb6 Ke7 59. Kg6
Kf8 60. Be3 Kg8 61. b4 Kf8 62. Bf2 Kg8 63. Bc5 Ng5 64. Kf5 Kf7 65. Be3 Ne6 66.
Ke4 Ke7 67. Kd3 Kd7 68. Kc4 Ke7 69. Bb6 Kd7 70. Bc5 Kc7 71. Bd6+ Kd7 72. a5 Kd8
73. b5 cxb5+ 74. Kxb5 Kd7 75. Kb6 Kc8 76. Be7 Nc7 77. Bf8 Ne6 78. Bd6 Nd8 79.
e6 Nxe6 80. Be5 Ng5 81. Bxg7 Nf7 82. Kc5 Kd7 83. Kd5 Ke7 84. Bd4 Nd8 85. Be3
Nf7 86. Bc1 Kd7 87. Bd2 Ke7 88. Kc5 Kd7 89. Kb6 1-0